<?xml version="1.0" encoding="UTF-8"?>
<marc:record xmlns:marc="http://www.loc.gov/MARC21/slim">
   <marc:leader>00000nam a2200000 a 4500</marc:leader>
   <marc:datafield ind1="1" ind2=" " tag="100">
      <marc:subfield code="a">Steffensmeier, Alexander</marc:subfield>
      <marc:subfield code="4">aut</marc:subfield>
      <marc:subfield code="e">Verfasser/-in</marc:subfield>
   </marc:datafield>
   <marc:datafield ind1="0" ind2="0" tag="245">
      <marc:subfield code="a">Das große Lieselotte Such- und Findebuch</marc:subfield>
   </marc:datafield>
   <marc:datafield ind1=" " ind2="1" tag="264">
      <marc:subfield code="b">S. Fischer</marc:subfield>
      <marc:subfield code="c">2016</marc:subfield>
   </marc:datafield>
   <marc:datafield ind1="1" ind2=" " tag="490">
      <marc:subfield code="a">Lieselotte</marc:subfield>
   </marc:datafield>
   <marc:datafield ind1="1" ind2=" " tag="520">
      <marc:subfield code="a">Ein Wimmelbilderbuch mit der Kuh Lieselotte. Großes Pappbilderbuch In Lieselottes Welt gibt es viel zu entdecken: Auf sieben großen Wimmelseiten kann man die Sachen suchen, die auf der Bilderleiste zu sehen sind. Und dabei entdeckt man noch mehr lustige Dinge: ein Zebra hinterm Holzstapel, Hühner beim Popcorn machen und Lieselotte beim Frühstücken.  Ein riesiger Wimmel-Suchspaß für alle Fans und Freunde von Lieselotte! Noch mehr Spaß mit Lieselotte unter: www.kuh-lieselotte.de</marc:subfield>
   </marc:datafield>
   <marc:datafield ind1=" " ind2=" " tag="020">
      <marc:subfield code="a">9783737351485</marc:subfield>
      <marc:subfield code="9">9783737351485</marc:subfield>
   </marc:datafield>
</marc:record>
